| 000 | 01339nam a2200325 a 4500 | ||
|---|---|---|---|
| 001 | BRCA_3313 | ||
| 005 | 20190320204222.0 | ||
| 008 | 230309s1875----enka---###---#000-0#eng-# | ||
| 041 | _aeng | ||
| 044 | _aenk | ||
| 084 |
_a607 _b.R68 _c1875 |
||
| 100 | 1 |
_aCervantes Saavedra, Miguel de _d1547-1616 _9213 |
|
| 245 | 1 | 0 |
_aThe Story of Don Quixote and his Squire Sancho Panza _cBy M. Jones. |
| 260 |
_aLondres _bGeorge Routledge and Sons _c1875 |
||
| 300 |
_a1 v. en 2 partes (viii, 377 p.) _bil. a color _c17 cm. |
||
| 500 | _aContenido : Prefacio de M. Jones. Texto abreviado de ambas partes | ||
| 500 | _aTraducción compendiada por M. Jones e ilustrada con láminas en color de Gilbert. Tela; lomo y planos decorados con adornos en negro y dorado Lúdovik Osterc | ||
| 500 | _aEstado físico : Encuadernación ligeramente desprendida | ||
| 500 | _aQM995 | ||
| 546 | _aTexto en : inglés | ||
| 650 | 1 | 4 |
_aNovela española _yÉpoca clásica, 1500-1700 _9215 |
| 650 | 1 | 4 |
_aLiteratura española _yÉpoca clásica, 1500-1700 _9216 |
| 650 | 1 | 4 |
_aNovela española _ySiglo XVII _9217 |
| 650 | 1 | 4 |
_aDon Quijote (Personaje ficticio) _eNovela _9218 |
| 700 | 1 |
_aJones, M. _eEditor _98766 |
|
| 700 | 1 |
_aGilbert, John _d1817-1897 _eIlustrador _98767 |
|
| 740 | 0 | _aEl Ingenioso Hidalgo Don Quijote de la Mancha | |
| 902 | _aQFM | ||
| 942 |
_2lcc _cB |
||
| 999 |
_c3049 _d3049 |
||